U.S. States with a Madison County - Statistics

General Stats
  • This quiz has been taken 555 times
  • The average score is 16 of 20
Answer Stats
State % Correct
Alabama
88%
Ohio
86%
Illinois
85%
Indiana
85%
Texas
85%
Georgia
83%
Florida
82%
New York
82%
Arkansas
81%
Iowa
81%
Kentucky
81%
Missouri
80%
Virginia
80%
North Carolina
79%
Mississippi
78%
Tennessee
77%
Montana
74%
Idaho
73%
Nebraska
71%
Louisiana
70%
No matching quizzes found
Score Distribution
Percent of People with Each Score
Percentile by Number Answered
Your Score History
You have not taken this quiz